[Event "GBR-ch107 Womens ch"]
[Site "Hull"]
[Date "2021.10.15"]
[Round "3.4"]
[White "Subramanian, Anusha"]
[Black "Bridgeman, Niamh"]
[Result "1-0"]
[WhiteElo "1623"]
[BlackElo "1802"]
[PlyCount "99"]
[EventDate "2021.10.14"]
[EventType "swiss"]
[EventRounds "7"]
[EventCountry "GBR"]
[SourceTitle "BritBase"]
[Source "John Saunders"]
[SourceDate "2021.06.05"]
[SourceVersion "1"]
[SourceVersionDate "2021.06.05"]
[SourceQuality "1"]

1. e4 e6 2. d4 d5 3. Nd2 Nf6 4. e5 Nfd7 5. Ngf3 c5 6. c3 Be7 7. Bd3 b6 8. O-O
Ba6 9. Qe2 Bxd3 10. Qxd3 Nc6 11. b3 Rc8 12. a3 Qc7 13. Re1 Na5 14. b4 Nb3 15.
Nxb3 c4 16. Qc2 cxb3 17. Qxb3 Qxc3 18. Qxc3 Rxc3 19. Bf4 O-O 20. h4 a5 21. Bd2
Rc2 22. bxa5 Bxh4 23. Nxh4 Rxd2 24. Nf3 Rc2 25. axb6 Nxb6 26. a4 Ra8 27. Reb1
Nc4 28. a5 h6 29. a6 Rb2 30. Rxb2 Nxb2 31. Nd2 Nd3 32. Nb3 Nb4 33. Nc5 Kf8 34.
Ra4 Nc6 35. Kf1 Ke7 36. Ke2 Kd8 37. g4 Kc7 38. f4 g5 39. f5 exf5 40. gxf5 Ne7
41. f6 Ng6 42. Nb7 Nf4+ 43. Kf3 Ne6 44. Nd6 Nd8 45. Kg4 Kd7 46. Kh5 Ke6 47. Nb5
Kf5 48. Nc7 Rc8 49. a7 Rxc7 50. a8=Q 1-0

[Event "GBR-ch107 Womens ch"]
[Site "Hull"]
[Date "2021.10.15"]
[Round "3.5"]
[White "Hariharan, Shambavi"]
[Black "Pyun, Lindsay"]
[Result "1/2-1/2"]
[WhiteElo "1109"]
[BlackElo "1443"]
[PlyCount "58"]
[EventDate "2021.10.14"]
[EventType "swiss"]
[EventRounds "7"]
[EventCountry "GBR"]
[SourceTitle "BritBase"]
[Source "John Saunders"]
[SourceDate "2021.06.05"]
[SourceVersion "1"]
[SourceVersionDate "2021.06.05"]
[SourceQuality "1"]

1. d4 d5 2. Bf4 Nf6 3. e3 Bf5 4. c4 e6 5. Nc3 Nbd7 6. Nf3 Be7 7. cxd5 Nxd5 8.
Nxd5 exd5 9. a3 h6 10. Bd3 Bxd3 11. Qxd3 c6 12. O-O O-O 13. Ne5 Nb6 14. Qb3 Bd6
15. Bg3 Qe7 16. Nf3 Bxg3 17. hxg3 Nc4 18. Rfd1 a5 19. a4 Ra6 20. Qc3 Qc7 21. b3
Nd6 22. Nd2 Re8 23. Rac1 Ne4 24. Nxe4 Rxe4 25. Qc5 Qb6 26. Qc3 Qc7 27. Qc5 Qb6
28. Qc3 Qc7 29. Qc5 Qb6 1/2-1/2

[Event "GBR-ch107 Womens ch"]
[Site "Hull"]
[Date "2021.10.16"]
[Round "4.1"]
[White "Kueh, Audrey"]
[Black "Toma, Katarzyna"]
[Result "1/2-1/2"]
[WhiteElo "2080"]
[BlackElo "2254"]
[PlyCount "27"]
[EventDate "2021.10.14"]
[EventType "swiss"]
[EventRounds "7"]
[EventCountry "GBR"]
[SourceTitle "BritBase"]
[Source "John Saunders"]
[SourceDate "2021.06.05"]
[SourceVersion "1"]
[SourceVersionDate "2021.06.05"]
[SourceQuality "1"]

1. d4 Nf6 2. Nf3 e6 3. Bg5 d5 4. Nbd2 Be7 5. e3 Nbd7 6. Bd3 c5 7. c3 b6 8. e4
cxd4 9. cxd4 dxe4 10. Nxe4 Bb7 11. Nxf6+ Bxf6 12. Bf4 O-O 13. O-O Rc8 14. Ne5
1/2-1/2

[Event "GBR-ch107 Womens ch"]
[Site "Hull"]
[Date "2021.10.16"]
[Round "4.2"]
[White "Hunt, Harriet V"]
[Black "Arakhamia-Grant, Ketevan E"]
[Result "1-0"]
[WhiteElo "2414"]
[BlackElo "2376"]
[PlyCount "101"]
[EventDate "2021.10.14"]
[EventType "swiss"]
[EventRounds "7"]
[EventCountry "GBR"]
[SourceTitle "BritBase"]
[Source "John Saunders"]
[SourceDate "2021.06.05"]
[SourceVersion "1"]
[SourceVersionDate "2021.06.05"]
[SourceQuality "1"]

1. e4 e5 2. Nf3 Nc6 3. Bb5 a6 4. Ba4 Nf6 5. O-O Bc5 6. c3 O-O 7. d3 d6 8. h3
Ba7 9. Bxc6 bxc6 10. Na3 h6 11. Re1 Be6 12. Nc2 a5 13. d4 exd4 14. Ncxd4 Bd7
15. e5 Nd5 16. c4 Ne7 17. exd6 cxd6 18. Bf4 Bc5 19. Nb3 Bb4 20. Re2 a4 21. a3
axb3 22. axb4 Rxa1 23. Qxa1 Be6 24. Qc1 Nf5 25. Qc3 d5 26. Rd2 Nd6 27. Bxd6
Qxd6 28. c5 Qf4 29. Rd4 Qf5 30. Qxb3 Rb8 31. Qc3 Qb1+ 32. Kh2 Ra8 33. b5 cxb5
34. c6 Rc8 35. Rf4 Qa2 36. Nd4 Qa7 37. Qg3 Qc5 38. b4 Qe7 39. Qe3 Qd6 40. g3
Ra8 41. Qc3 Qb8 42. Qc5 Qc8 43. h4 Ra2 44. Nxb5 g5 45. Nd6 Qf8 46. Rf3 Bg4 47.
c7 Bxf3 48. c8=Q Ra1 49. Qxf8+ Kxf8 50. Qc8+ Kg7 51. Qc3+ 1-0

[Event "GBR-ch107 Womens ch"]
[Site "Hull"]
[Date "2021.10.16"]
[Round "4.3"]
[White "Varney, Zoe"]
[Black "Subramanian, Anusha"]
[Result "1-0"]
[WhiteElo "1937"]
[BlackElo "1623"]
[PlyCount "117"]
[EventDate "2021.10.14"]
[EventType "swiss"]
[EventRounds "7"]
[EventCountry "GBR"]
[SourceTitle "BritBase"]
[Source "John Saunders"]
[SourceDate "2021.06.05"]
[SourceVersion "1"]
[SourceVersionDate "2021.06.05"]
[SourceQuality "1"]

1. e4 c6 2. c4 d5 3. exd5 cxd5 4. cxd5 Nf6 5. Nc3 Nxd5 6. Nf3 Nc6 7. Bb5 e6 8.
O-O Bd6 9. Nxd5 exd5 10. Re1+ Be6 11. d4 O-O 12. h3 Rc8 13. Bd3 h6 14. Bb1 Ne7
15. Nh4 Qa5 16. a3 Rc6 17. Bd2 Qb6 18. Bc3 f5 19. Rxe6 Bh2+ 20. Kxh2 Rxe6 21.
Kg1 g5 22. Nf3 Ng6 23. Ne5 Qc7 24. Nxg6 Rxg6 25. g4 Qf4 26. Bxf5 h5 27. Qd2
Qxd2 28. Bxd2 Rg7 29. Be6+ Kh7 30. Bxd5 hxg4 31. hxg4 Rd8 32. Be4+ Kg8 33. Bc3
Re7 34. Re1 Red7 35. Bf5 Rc7 36. d5 Kf7 37. Kg2 b6 38. Rh1 Rxc3 39. Be6+ Kf6
40. bxc3 Ke5 41. Rh7 a5 42. f3 Rd6 43. Rf7 Rd8 44. Rf5+ Kd6 45. Rxg5 b5 46. Rg8
Rxg8 47. Bxg8 Kc5 48. g5 Kd6 49. g6 Ke7 50. Bf7 a4 51. f4 Kd7 52. g7 b4 53.
cxb4 Kd6 54. g8=Q Kc7 55. Qe8 Kb7 56. Qc6+ Ka7 57. d6 Kb8 58. Bd5 Ka7 59. Qb7#
1-0

[Event "GBR-ch107 Womens ch"]
[Site "Hull"]
[Date "2021.10.16"]
[Round "4.4"]
[White "Bridgeman, Niamh"]
[Black "Singha, Swati"]
[Result "0-1"]
[WhiteElo "1802"]
[BlackElo "1438"]
[PlyCount "100"]
[EventDate "2021.10.14"]
[EventType "swiss"]
[EventRounds "7"]
[EventCountry "GBR"]
[SourceTitle "BritBase"]
[Source "John Saunders"]
[SourceDate "2021.06.05"]
[SourceVersion "1"]
[SourceVersionDate "2021.06.05"]
[SourceQuality "1"]

1. d4 d5 2. Nf3 Nf6 3. e3 Nc6 4. c4 Bg4 5. cxd5 Nxd5 6. h3 Bh5 7. Bb5 e6 8.
Bxc6+ bxc6 9. Bd2 f6 10. Nc3 Bd6 11. Rc1 Nb4 12. Qe2 Bg6 13. e4 a5 14. a3 Na6
15. Qc4 Qd7 16. e5 Be7 17. Na4 Be4 18. Bxa5 Bd5 19. Qc3 O-O 20. O-O Bxf3 21.
Qxf3 Qxd4 22. Qxc6 Qxe5 23. Bc3 Qf5 24. Rfe1 Bd6 25. Qc4 Rfe8 26. Rcd1 Nc5 27.
Nxc5 Bxc5 28. Bd4 Bd6 29. Re2 Qf4 30. Rxe6 Qh2+ 31. Kf1 Kh8 32. Be3 Qh1+ 33.
Ke2 Qxg2 34. Rxe8+ Rxe8 35. Qg4 Qb7 36. b4 Qb5+ 37. Ke1 Be5 38. f4 Bc3+ 39. Kf2
f5 40. Qe2 Qa4 41. Rd3 Bf6 42. Qd1 Bh4+ 43. Ke2 Qc6 44. Rd5 Qc4+ 45. Qd3 Qxf4
46. Rxf5 Qh2+ 47. Kd1 h6 48. Kc1 Rd8 49. Qe4 Bf6 50. Qf3 Qb2# 0-1

[Event "GBR-ch107 Womens ch"]
[Site "Hull"]
[Date "2021.10.16"]
[Round "4.5"]
[White "Arora, Prachi"]
[Black "Hariharan, Shambavi"]
[Result "0-1"]
[WhiteElo "1437"]
[BlackElo "1109"]
[PlyCount "140"]
[EventDate "2021.10.14"]
[EventType "swiss"]
[EventRounds "7"]
[EventCountry "GBR"]
[SourceTitle "BritBase"]
[Source "John Saunders"]
[SourceDate "2021.06.05"]
[SourceVersion "1"]
[SourceVersionDate "2021.06.05"]
[SourceQuality "1"]

1. e4 c6 2. d4 d5 3. Nc3 dxe4 4. Nxe4 Bf5 5. Nc3 Nf6 6. Nf3 e6 7. Be2 Bd6 8.
O-O O-O 9. Re1 Nbd7 10. Bg5 Be7 11. h3 Nd5 12. Bxe7 Qxe7 13. Nxd5 cxd5 14. Qd2
h6 15. c3 Rac8 16. Bd1 Qd6 17. Bc2 Bxc2 18. Qxc2 b5 19. a3 a5 20. Qd2 Nb6 21.
b3 a4 22. Qc2 Qc6 23. Rac1 axb3 24. Qxb3 Nc4 25. Re2 Ra8 26. Ra2 Ra4 27. Rb1
Rfa8 28. Qxb5 Qxb5 29. Rxb5 Rxa3 30. Rxa3 Rxa3 31. Rc5 Rxc3 32. Ne5 f6 33. Nxc4
dxc4 34. Kf1 Rc2 35. Ke1 c3 36. g4 Kf7 37. f4 Rc1+ 38. Ke2 c2 39. Kd2 Rh1 40.
Rxc2 Rh2+ 41. Kd3 Rxh3+ 42. Ke4 Rh1 43. Rc7+ Kg8 44. Rc8+ Kh7 45. Rc3 Re1+ 46.
Re3 Rxe3+ 47. Kxe3 g5 48. fxg5 hxg5 49. Ke4 Kg6 50. Kf3 f5 51. gxf5+ Kxf5 52.
Ke3 g4 53. Kf2 Kf4 54. Kg2 Ke4 55. Kg3 Kxd4 56. Kxg4 e5 57. Kf3 Kd3 58. Kf2 e4
59. Ke1 Ke3 60. Kf1 Kd2 61. Kf2 e3+ 62. Kg2 e2 63. Kh1 e1=Q+ 64. Kh2 Qf2+ 65.
Kh1 Qf8 66. Kg2 Ke3 67. Kg1 Ke2 68. Kg2 Qg8+ 69. Kh1 Kf2 70. Kh2 Qg2# 0-1

[Event "GBR-ch107 Womens ch"]
[Site "Hull"]
[Date "2021.10.16"]
[Round "5.1"]
[White "Toma, Katarzyna"]
[Black "Varney, Zoe"]
[Result "0-1"]
[WhiteElo "2254"]
[BlackElo "1937"]
[PlyCount "85"]
[EventDate "2021.10.14"]
[EventType "swiss"]
[EventRounds "7"]
[EventCountry "GBR"]
[SourceTitle "BritBase"]
[Source "John Saunders"]
[SourceDate "2021.06.05"]
[SourceVersion "1"]
[SourceVersionDate "2021.06.05"]
[SourceQuality "1"]

1. e4 e5 2. Nf3 Nc6 3. Bb5 a6 4. Ba4 Nf6 5. Qe2 b5 6. Bb3 Bc5 7. c3 d6 8. d3 h6
9. O-O O-O 10. Be3 Bxe3 11. fxe3 Ne7 12. Nbd2 Ng6 13. a4 Rb8 14. axb5 axb5 15.
d4 c5 16. Bc2 Qb6 17. b4 c4 18. Ra5 Bb7 19. Rfa1 Ra8 20. Qe1 d5 21. exd5 exd4
22. Nxd4 Bxd5 23. Rxb5 Qd6 24. e4 Rae8 25. Raa5 Nf4 26. Nf5 Qe5 27. Nf3 Qc7 28.
Rc5 Qb8 29. e5 Bxf3 30. gxf3 Nd7 31. Rcb5 Qd8 32. Kf1 Re6 33. Qe4 Ng6 34. Nd4
Ree8 35. e6 f5 36. Rxf5 Nf6 37. Qe2 Qd6 38. Ra7 Nh4 39. Re5 g6 40. Nb5 Qb8 41.
e7 Rf7 42. Ra5 Ng4 43. Nd4 0-1

[Event "GBR-ch107 Womens ch"]
[Site "Hull"]
[Date "2021.10.16"]
[Round "5.2"]
[White "Hunt, Harriet V"]
[Black "Kueh, Audrey"]
[Result "1-0"]
[WhiteElo "2414"]
[BlackElo "2080"]
[PlyCount "103"]
[EventDate "2021.10.14"]
[EventType "swiss"]
[EventRounds "7"]
[EventCountry "GBR"]
[SourceTitle "BritBase"]
[Source "John Saunders"]
[SourceDate "2021.06.05"]
[SourceVersion "1"]
[SourceVersionDate "2021.06.05"]
[SourceQuality "1"]

1. e4 c6 2. d4 d5 3. e5 Bf5 4. h4 h5 5. Bd3 Bxd3 6. Qxd3 e6 7. Bg5 Qb6 8. Nd2
c5 9. c4 Qxb2 10. Rb1 Qxd4 11. Qxd4 cxd4 12. Rxb7 Nc6 13. cxd5 Nxe5 14. Ngf3
Nd3+ 15. Ke2 Nc5 16. Rc7 d3+ 17. Kd1 exd5 18. Re1+ Ne6 19. Nd4 Ba3 20. Nxe6
fxe6 21. Rxg7 Kf8 22. Rb7 Re8 23. Rxa7 Bb2 24. Rb7 Bc3 25. Re3 Nh6 26. Rxd3
Bxd2 27. Kxd2 Nf5 28. Rc7 Rg8 29. Rf3 Ra8 30. a3 Ke8 31. Rh7 Ra4 32. Rb3 Rg7
33. Rxh5 Kf7 34. Rh8 Kg6 35. f4 Rd4+ 36. Rd3 Rxd3+ 37. Kxd3 Ra7 38. g4 Rxa3+
39. Kd2 Ne3 40. f5+ Nxf5 41. gxf5+ Kxf5 42. Rf8+ Ke5 43. h5 Rh3 44. h6 Rh5 45.
Bf6+ Ke4 46. Bg7 Rh2+ 47. Kc3 e5 48. Re8 d4+ 49. Kc4 d3 50. Rxe5+ Kf4 51. Rd5
d2 52. Be5+ 1-0

[Event "GBR-ch107 Womens ch"]
[Site "Hull"]
[Date "2021.10.16"]
[Round "5.3"]
[White "Arakhamia-Grant, Ketevan E"]
[Black "Pyun, Lindsay"]
[Result "1-0"]
[WhiteElo "2376"]
[BlackElo "1443"]
[PlyCount "77"]
[EventDate "2021.10.14"]
[EventType "swiss"]
[EventRounds "7"]
[EventCountry "GBR"]
[SourceTitle "BritBase"]
[Source "John Saunders"]
[SourceDate "2021.06.05"]
[SourceVersion "1"]
[SourceVersionDate "2021.06.05"]
[SourceQuality "1"]

1. e4 e5 2. Nf3 Nc6 3. Bb5 a6 4. Ba4 b5 5. Bb3 Nf6 6. O-O Bc5 7. a4 b4 8. d3 d6
9. a5 O-O 10. h3 Ba7 11. Nbd2 Re8 12. Nc4 h6 13. Be3 Be6 14. Ba4 Bd7 15. Qd2
Bxe3 16. Nxe3 Rb8 17. Nh2 Nd4 18. f4 exf4 19. Rxf4 Nh5 20. Rf2 Re6 21. Bxd7
Qxd7 22. Nd5 Rg6 23. Ng4 b3 24. c3 Nc6 25. Qe3 Re8 26. Rf5 Qxf5 27. exf5 Rxe3
28. Ndxe3 Rxg4 29. hxg4 Nf4 30. d4 Nd3 31. Kf1 Ne7 32. Ke2 Nf4+ 33. Kd2 Nfd5
34. Ra3 Nxe3 35. Kxe3 Nc6 36. Rxb3 Nxa5 37. Rb8+ Kh7 38. Kd3 Nc6 39. Rb7 1-0

[Event "GBR-ch107 Womens ch"]
[Site "Hull"]
[Date "2021.10.16"]
[Round "5.4"]
[White "Hariharan, Shambavi"]
[Black "Subramanian, Anusha"]
[Result "0-1"]
[WhiteElo "1109"]
[BlackElo "1623"]
[PlyCount "148"]
[EventDate "2021.10.14"]
[EventType "swiss"]
[EventRounds "7"]
[EventCountry "GBR"]
[SourceTitle "BritBase"]
[Source "John Saunders"]
[SourceDate "2021.06.05"]
[SourceVersion "1"]
[SourceVersionDate "2021.06.05"]
[SourceQuality "1"]

1. d4 d5 2. Bf4 Bf5 3. e3 e6 4. Nf3 Nf6 5. c3 a6 6. Nbd2 c5 7. Nh4 Bg6 8. Nxg6
hxg6 9. h3 cxd4 10. exd4 Bd6 11. Bxd6 Qxd6 12. Nf3 Nc6 13. Bd3 Rc8 14. Rc1 Nh5
15. O-O Nf4 16. Re1 Nxd3 17. Qxd3 O-O 18. Ne5 Nxe5 19. dxe5 Qc5 20. Qd4 Qa5 21.
a3 Rc4 22. Qd3 Rfc8 23. Rcd1 Qb6 24. Qd2 R8c5 25. Re3 Rb5 26. b4 Qc7 27. Rd3
Qxe5 28. Rd4 Qc7 29. Rxc4 Qxc4 30. a4 Rb6 31. Re1 a5 32. bxa5 Rb3 33. Rc1 Qxa4
34. Qc2 Ra3 35. Qxa4 Rxa4 36. Rb1 Rxa5 37. Rxb7 Rc5 38. Rb3 Kf8 39. f3 Ke7 40.
Kf2 Kd6 41. Ke3 Rc4 42. Kd3 Ke5 43. g3 Ra4 44. Rb7 Kf6 45. Rb2 Ra1 46. Rg2 Rf1
47. Ke2 Rh1 48. h4 g5 49. hxg5+ Kxg5 50. Ke3 f5 51. Kd3 Rh3 52. Kd4 Kf6 53. Rg1
g5 54. c4 dxc4 55. Kxc4 e5 56. Kd5 Rh2 57. g4 Rd2+ 58. Kc4 e4 59. fxe4 f4 60.
Kc3 Rd7 61. Rf1 Ke5 62. Re1 Rd4 63. Re2 Rxe4 64. Rf2 Re3+ 65. Kd2 Ke4 66. Kd1
f3 67. Kd2 Kf4 68. Rh2 Re6 69. Rf2 Kxg4 70. Rh2 Kg3 71. Rh1 Kg2 72. Ra1 f2 73.
Kd3 f1=Q+ 74. Rxf1 Kxf1 0-1

[Event "GBR-ch107 Womens ch"]
[Site "Hull"]
[Date "2021.10.16"]
[Round "5.5"]
[White "Singha, Swati"]
[Black "Arora, Prachi"]
[Result "1-0"]
[WhiteElo "1438"]
[BlackElo "1437"]
[PlyCount "97"]
[EventDate "2021.10.14"]
[EventType "swiss"]
[EventRounds "7"]
[EventCountry "GBR"]
[SourceTitle "BritBase"]
[Source "John Saunders"]
[SourceDate "2021.06.05"]
[SourceVersion "1"]
[SourceVersionDate "2021.06.05"]
[SourceQuality "1"]

1. e4 e5 2. Nc3 Nc6 3. Nf3 Nf6 4. Bc4 Bb4 5. Ng5 O-O 6. d3 h6 7. h4 Bxc3+ 8.
bxc3 d6 9. Bb2 Bg4 10. f3 Bh5 11. g4 hxg5 12. hxg5 Bg6 13. gxf6 Qxf6 14. Qe2
Bh7 15. Qh2 Qh6 16. Qxh6 gxh6 17. Rxh6 Kg7 18. g5 Rh8 19. O-O-O Ne7 20. Rdh1 a6
21. Bxf7 b5 22. f4 Bg6 23. Rxh8 Rxh8 24. Rxh8 Kxh8 25. Bxg6 Nxg6 26. f5 Ne7 27.
c4 bxc4 28. dxc4 Kg8 29. c5 Kf7 30. cxd6 cxd6 31. Ba3 d5 32. Bxe7 Kxe7 33. exd5
a5 34. Kd2 a4 35. Ke3 e4 36. Kxe4 a3 37. Ke5 Kf7 38. d6 Ke8 39. g6 Kf8 40. d7
Ke7 41. g7 Kxd7 42. g8=Q Kc6 43. Qd5+ Kb6 44. Kd6 Ka6 45. f6 Kb6 46. f7 Ka6 47.
f8=Q Ka7 48. Qfa8+ Kb6 49. Qdc6# 1-0

[Event "GBR-ch107 Womens ch"]
[Site "Hull"]
[Date "2021.10.17"]
[Round "6.1"]
[White "Singha, Swati"]
[Black "Hunt, Harriet V"]
[Result "0-1"]
[WhiteElo "1438"]
[BlackElo "2414"]
[PlyCount "96"]
[EventDate "2021.10.14"]
[EventType "swiss"]
[EventRounds "7"]
[EventCountry "GBR"]
[SourceTitle "BritBase"]
[Source "John Saunders"]
[SourceDate "2021.06.05"]
[SourceVersion "1"]
[SourceVersionDate "2021.06.05"]
[SourceQuality "1"]

1. e4 c5 2. Nc3 a6 3. Nf3 d6 4. a3 Nf6 5. e5 dxe5 6. Nxe5 e6 7. Bc4 Nbd7 8.
Nxd7 Bxd7 9. d3 Bc6 10. O-O Be7 11. Qe2 O-O 12. Ne4 h6 13. Nxf6+ Bxf6 14. Qg4
Kh7 15. Qh5 b5 16. Ba2 Rc8 17. c3 Kg8 18. Be3 Be7 19. Qg4 Kh8 20. Qh3 Kg8 21.
Qg4 Kh7 22. Bb1 f5 23. d4 Rf6 24. f3 Rg6 25. Qh3 c4 26. Kh1 Bd6 27. g4 Bd7 28.
gxf5 exf5 29. Bxf5 Bxf5 30. Qxf5 Qh4 31. f4 Rf8 32. Qe4 Qh5 33. Rf2 Rf5 34.
Raf1 Kg8 35. Rg2 Rgf6 36. Rfg1 Bf8 37. d5 Rxd5 38. Bd4 Rf7 39. Be5 Rd1 40. Rxd1
Qxd1+ 41. Rg1 Qd7 42. f5 Rxf5 43. Re1 Qf7 44. Qg2 Rf2 45. Qh3 Rxb2 46. Bg3 Qf3+
47. Kg1 Bc5+ 48. Bf2 Bxf2+ 0-1

[Event "GBR-ch107 Womens ch"]
[Site "Hull"]
[Date "2021.10.17"]
[Round "6.2"]
[White "Subramanian, Anusha"]
[Black "Toma, Katarzyna"]
[Result "1/2-1/2"]
[WhiteElo "1623"]
[BlackElo "2254"]
[PlyCount "204"]
[EventDate "2021.10.14"]
[EventType "swiss"]
[EventRounds "7"]
[EventCountry "GBR"]
[SourceTitle "BritBase"]
[Source "John Saunders"]
[SourceDate "2021.06.05"]
[SourceVersion "1"]
[SourceVersionDate "2021.06.05"]
[SourceQuality "1"]

1. c4 Nf6 2. Nf3 c5 3. Nc3 d6 4. g3 g6 5. Bg2 Bg7 6. O-O e5 7. e3 O-O 8. d4
cxd4 9. exd4 Nc6 10. dxe5 dxe5 11. Qxd8 Rxd8 12. Bg5 h6 13. Bxf6 Bxf6 14. Nd5
Bg7 15. Rad1 Bd7 16. Nd2 Bf5 17. Ne4 Bf8 18. g4 Bxe4 19. Bxe4 Kg7 20. Rd2 Bb4
21. Rd3 Bc5 22. Rfd1 a5 23. Nc7 Rxd3 24. Rxd3 Rd8 25. Rd5 Rxd5 26. cxd5 Nd8 27.
Ne8+ Kf8 28. Nf6 Bd6 29. Nd7+ Ke7 30. Nb6 Bc7 31. Nc4 b5 32. d6+ Bxd6 33. Nxa5
Ne6 34. Nb3 b4 35. Kg2 Nf4+ 36. Kf3 Ke6 37. Nc1 f5 38. gxf5+ gxf5 39. Bb7 e4+
40. Ke3 Ke5 41. Kd2 Bc5 42. Ke1 Bd4 43. b3 Bb2 44. Ne2 Nd3+ 45. Kf1 f4 46. f3
e3 47. Be4 Nc5 48. Bc2 Ne6 49. Ke1 Ng5 50. Ng1 Bc3+ 51. Ke2 Ne6 52. Kd1 Kf6 53.
Bd3 Be5 54. Bc4 Nd4 55. Bd3 Kg5 56. Bc4 Kf5 57. Bd3+ Ke6 58. Bc4+ Kd6 59. Bd3
Bf6 60. Be4 Ke5 61. Bd3 Be7 62. Be4 Ne6 63. Ne2 Ng5 64. Bb7 Nh3 65. Bc6 Nf2+
66. Ke1 Bh4 67. Kf1 Bg5 68. Bb7 Be7 69. Bc6 Bd6 70. Bb7 h5 71. Bc6 h4 72. Bb7
Be7 73. Bc6 h3 74. Bb7 Bh4 75. Bc6 Nd1 76. Bb7 Nc3 77. Bc8 Bg3 78. Bxh3 Bxh2
79. Bc8 Nxa2 80. Ba6 Bg3 81. Bc4 Bh4 82. Ba6 Be7 83. Bc4 Bd6 84. Ba6 Nc3 85.
Nxc3 bxc3 86. Bd3 Kd4 87. Ke2 Kc5 88. Bc2 Kb4 89. Kd3 Be5 90. Bd1 Ka3 91. Kc2
Bf6 92. Be2 Kb4 93. Bd1 Kc5 94. Kd3 Be5 95. Kc2 Kd4 96. Be2 Bd6 97. Bd3 Bb4 98.
Be2 Ke5 99. Kd3 Kf5 100. Bd1 Kg5 101. Ke2 Kh4 102. Bc2 Kg3 1/2-1/2

[Event "GBR-ch107 Womens ch"]
[Site "Hull"]
[Date "2021.10.17"]
[Round "6.3"]
[White "Varney, Zoe"]
[Black "Arakhamia-Grant, Ketevan E"]
[Result "0-1"]
[WhiteElo "1937"]
[BlackElo "2376"]
[PlyCount "122"]
[EventDate "2021.10.14"]
[EventType "swiss"]
[EventRounds "7"]
[EventCountry "GBR"]
[SourceTitle "BritBase"]
[Source "John Saunders"]
[SourceDate "2021.06.05"]
[SourceVersion "1"]
[SourceVersionDate "2021.06.05"]
[SourceQuality "1"]

1. d4 Nf6 2. c4 g6 3. Nc3 Bg7 4. e4 d6 5. Be2 O-O 6. Be3 Nbd7 7. g4 e5 8. d5
Nc5 9. f3 c6 10. h4 cxd5 11. cxd5 a5 12. h5 Qb6 13. Qd2 a4 14. Bd1 Qxb2 15.
Bxc5 Qxd2+ 16. Kxd2 dxc5 17. Nxa4 Nd7 18. Rb1 Ra5 19. Nc3 Bh6+ 20. Kd3 c4+ 21.
Kxc4 Be3 22. Rb5 Ra8 23. Kd3 Bc5 24. Nge2 b6 25. Rb2 Ba6+ 26. Kd2 Ba3 27. Rb1
Be7 28. a4 Bg5+ 29. Ke1 Bd3 30. Rb2 Be3 31. Bc2 Nc5 32. Nd1 Bg5 33. Bb3 Rfc8
34. Kf2 Nxa4 35. Bxa4 Rxa4 36. Ndc3 Ra3 37. Na2 Bc4 38. Nac3 Be7 39. hxg6 hxg6
40. Rd1 Bc5+ 41. Kg3 Kf8 42. d6 Rd8 43. Nb5 Ra5 44. Nec3 Ke8 45. Kh4 Kd7 46.
Kg5 Kc6 47. Nc7 Rxd6 48. Rxd6+ Bxd6 49. N7d5 b5 50. Kf6 Ra7 51. Rd2 b4 52. Ne2
b3 53. Nec3 Rb7 54. Ne3 Be6 55. Rb2 Bc5 56. Ned5 Bd4 57. Rb1 b2 58. Kg5 Kc5 59.
f4 exf4 60. Kxf4 Bxd5 61. Nxd5 Ra7 0-1

[Event "GBR-ch107 Womens ch"]
[Site "Hull"]
[Date "2021.10.17"]
[Round "6.4"]
[White "Kueh, Audrey"]
[Black "Bridgeman, Niamh"]
[Result "1-0"]
[WhiteElo "2080"]
[BlackElo "1802"]
[PlyCount "73"]
[EventDate "2021.10.14"]
[EventType "swiss"]
[EventRounds "7"]
[EventCountry "GBR"]
[SourceTitle "BritBase"]
[Source "John Saunders"]
[SourceDate "2021.06.05"]
[SourceVersion "1"]
[SourceVersionDate "2021.06.05"]
[SourceQuality "1"]

1. e4 e6 2. d4 d5 3. Nd2 Nf6 4. e5 Nfd7 5. Bd3 c5 6. c3 b6 7. Nh3 Ba6 8. Bxa6
Nxa6 9. O-O Nc7 10. Nf4 Be7 11. Qg4 g6 12. Nf3 h5 13. Qg3 g5 14. Ne2 g4 15. Ne1
c4 16. f3 Bh4 17. Qf4 Bxe1 18. Rxe1 gxf3 19. Qxf3 Qe7 20. Rf1 Rh7 21. Qg3 Qf8
22. Bg5 Qg8 23. h4 Nf8 24. Qf3 Ng6 25. Ng3 Kd7 26. Nxh5 Ne8 27. Qd1 Kc7 28. b3
Nxh4 29. Bxh4 Qh8 30. bxc4 Rxh5 31. Rxf7+ Kb8 32. Rf8 Qxf8 33. Qxh5 dxc4 34.
Rf1 Qg8 35. Rf7 Nc7 36. Qf3 Qc8 37. Be7 1-0

[Event "GBR-ch107 Womens ch"]
[Site "Hull"]
[Date "2021.10.17"]
[Round "7.1"]
[White "Hunt, Harriet V"]
[Black "Subramanian, Anusha"]
[Result "1-0"]
[WhiteElo "2414"]
[BlackElo "1623"]
[PlyCount "103"]
[EventDate "2021.10.14"]
[EventType "swiss"]
[EventRounds "7"]
[EventCountry "GBR"]
[SourceTitle "BritBase"]
[Source "John Saunders"]
[SourceDate "2021.06.05"]
[SourceVersion "1"]
[SourceVersionDate "2021.06.05"]
[SourceQuality "1"]

1. e4 c6 2. d4 d5 3. e5 Bf5 4. Nf3 e6 5. Be2 c5 6. c4 dxc4 7. Bxc4 Ne7 8. O-O
Nec6 9. d5 exd5 10. Bxd5 Be7 11. Nc3 O-O 12. Qa4 a6 13. Qf4 Bg6 14. Rd1 Qc7 15.
Be4 Nd7 16. Nd5 Qc8 17. Bd2 Bd8 18. Bc3 Bc7 19. Bxg6 fxg6 20. Qe4 Nb6 21. Ng5
Qf5 22. Qxf5 Rxf5 23. Nxc7 Rxg5 24. Nxa8 Nxa8 25. Rd7 Nb6 26. Rxb7 Nd5 27. e6
Nxc3 28. bxc3 Re5 29. Kf1 Rxe6 30. Re1 Rxe1+ 31. Kxe1 Ne5 32. Ke2 Ng4 33. Rc7
Nf6 34. Rxc5 Ne4 35. Rc7 Kf8 36. Ke3 Nd6 37. Kf4 Nb5 38. Rc6 Kf7 39. Ke5 g5 40.
a4 Na3 41. Rxa6 Nc4+ 42. Kd4 Nd2 43. Rb6 Nf1 44. a5 Nxh2 45. a6 Ng4 46. a7 Nxf2
47. a8=Q h5 48. Qd5+ Ke7 49. Qe6+ Kd8 50. Rd6+ Kc7 51. Qe7+ Kc8 52. Rd8# 1-0

[Event "GBR-ch107 Womens ch"]
[Site "Hull"]
[Date "2021.10.17"]
[Round "7.2"]
[White "Arakhamia-Grant, Ketevan E"]
[Black "Kueh, Audrey"]
[Result "1/2-1/2"]
[WhiteElo "2376"]
[BlackElo "2080"]
[PlyCount "81"]
[EventDate "2021.10.14"]
[EventType "swiss"]
[EventRounds "7"]
[EventCountry "GBR"]
[SourceTitle "BritBase"]
[Source "John Saunders"]
[SourceDate "2021.06.05"]
[SourceVersion "1"]
[SourceVersionDate "2021.06.05"]
[SourceQuality "1"]

1. e4 c6 2. d4 d5 3. e5 Bf5 4. Nd2 e6 5. Nb3 Nd7 6. Nf3 Ne7 7. Be2 Nc8 8. O-O
Be7 9. a4 a5 10. Be3 O-O 11. Ne1 f6 12. f4 fxe5 13. fxe5 Bg5 14. Qd2 Bxe3+ 15.
Qxe3 Qh4 16. Nd2 Na7 17. c3 c5 18. dxc5 Nc6 19. Nef3 Qe7 20. Nb3 Be4 21. Ng5
Bf5 22. Nd4 Nxc5 23. Bb5 Nxd4 24. cxd4 Ne4 25. Nxe4 Bxe4 26. Rac1 Rxf1+ 27.
Bxf1 Rf8 28. Be2 Qe8 29. b3 Qg6 30. Qg3 Qh6 31. Rc7 Rf7 32. Rc8+ Rf8 33. Qc3
Rxc8 34. Qxc8+ Kf7 35. Qc3 b6 36. h3 Qg5 37. Bf3 Bxf3 38. Qxf3+ Ke7 39. Qc3 Kd7
40. Qf3 Ke7 41. Qc3 1/2-1/2